Statistics for Guess the portuguese city by picture

Click here to take the quiz!

General Stats

  • This quiz has been taken 11 times
  • The average score is 16 of 28

Answer Stats

Answer% Correct
Lisbon
100%
Porto
100%
Aveiro
89%
Braga
89%
Coimbra
89%
Setúbal
78%
Faro
67%
Vila Nova de Gaia
67%
Viseu
67%
Almada
56%
Elvas
56%
Évora
56%
Funchal
56%
Guimarães
56%
Lamego
56%
Leiria
56%
Portimão
56%
Sines
56%
Amarante
44%
Covilhã
44%
Guarda
44%
Portalegre
44%
Vila Real
44%
Angra do Heroísmo
33%
Porto Santo
33%
Silves
33%
Amadora
22%
Peso da Régua
22%

Score Distribution

Percentile by Number Answered

Percent of People with Each Score

Your Score History

You have not taken this quiz